| 000 | 00396nam a2200145Ia 4500 | ||
|---|---|---|---|
| 005 | 20240821155411.0 | ||
| 008 | 240821s9999||||xx |||||||||||||| ||und|| | ||
| 082 | _a791.437 SHA | ||
| 100 | _aShaw, Bernard | ||
| 245 | 0 | _aCollected screenplays of Bernard Shaw | |
| 260 |
_aLondon _bGeorge Prior Pub. _c1980 |
||
| 300 | _a487p | ||
| 650 | _aARTS,CRAFTS,MUSIC,SPORTS AND RECREATIONS | ||
| 942 | _cBK | ||
| 999 |
_c112516 _d112516 |
||